[Event "Wichern op 5th"]
[Site "Hamburg"]
[Date "1999.10.21"]
[Round "8"]
[White "Shabalov, Alexander"]
[Black "Breyther, Ruediger"]
[Result "1-0"]
[WhiteElo "2566"]
[BlackElo "2358"]

1.e4 c5 2.Nf3 e6 3.Nc3 d6 4.d4 cxd4 5.Nxd4 Nf6 6.f4 a6 7.Bd3 b5 8.O-O Bb7
9.Qe2 Nbd7 10.Nf3 b4 11.Nd1 Nc5 12.Nf2 Be7 13.Kh1 h5 14.Bd2 Qb6 15.Ng5 h4
16.Nfh3 Nfd7 17.Nf3 O-O-O 18.a3 b3 19.Be3 Kb8 20.cxb3 Qxb3 21.Bc4 Qa4 22.b3 Qc6
23.b4 Nxe4 24.Nd4 Qc7 25.Rac1 Rc8 26.Bxa6 Nc3 27.Qd3 Bxa6 28.Qxa6 Qb7 29.Qd3 Ne4
30.b5 Ndc5 31.Qe2 Ka8 32.Nc6 Rxc6 33.bxc6 Qxc6 34.f5 e5 35.Qg4 Bf6 36.Rc2 Rb8
37.Rfc1 Rb3 38.Bg1 Qa6 39.Nf2 Nxf2+ 40.Bxf2 h3 41.Bxc5  1-0

[Event "Wichern op 5th"]
[Site "Hamburg"]
[Date "1999.10.22"]
[Round "9"]
[White "Tyomkin, Dimitri"]
[Black "Shabalov, Alexander"]
[Result "0-1"]
[WhiteElo "2495"]
[BlackElo "2566"]

1.d4 e6 2.c4 b6 3.a3 f5 4.Nc3 Nf6 5.g3 Bb7 6.d5 g6 7.Bg2 Bg7 8.Nh3 O-O 9.O-O a5
10.Rb1 Na6 11.b4 axb4 12.axb4 Qc8 13.Qb3 c6 14.dxe6 dxe6 15.Be3 Qc7 16.Nf4 Rfe8
17.Na4 e5 18.Bxb6 Qf7 19.Nd3 e4 20.Ndc5 Bc8 21.Nxa6 Bxa6 22.Rfc1 Ng4 23.f3 Ne5
24.b5 Bc8 25.f4 cxb5 26.Qxb5 Bd7 27.Qd5 Be6 28.Qb5 Nxc4 29.Bc5 Nd2  0-1

[Event "National Chess Congress"]
[Site "Philadelphia USA"]
[Date "1999.11.27"]
[Round "4"]
[White "Shabalov,A"]
[Black "Sevillano,E"]
[Result "1-0"]
[WhiteElo "2566"]
[BlackElo "2477"]

1.e4 c5 2.Nf3 Nc6 3.Bb5 e5 4.O-O d6 5.c3 Bd7 6.Re1 Nf6 7.h3 Be7 8.d4 O-O
9.dxc5 dxc5 10.Bg5 Qc7 11.Nbd2 Rad8 12.Qc2 Nh5 13.Be3 a6 14.Bf1 h6 15.Rad1 Be6
16.a4 Na5 17.b3 Rd7 18.Qb1 Nc6 19.Nc4 Rfd8 20.Rxd7 Rxd7 21.Rc1 Qb8 22.Nb6 Rd8
23.Nd5 Bf8 24.Rd1 Nf4 25.Nb6 Qc7 26.Nc4 Ng6 27.Rd2 Rb8 28.Ra2 Qd8 29.Ncd2 Na5
30.Rb2 b5 31.axb5 axb5 32.Ne1 Rb7 33.Nc2 Nc6 34.Ra2 b4 35.cxb4 cxb4 36.Qa1 Rd7
37.Ra8 Qf6 38.Bb5 Rd6 39.Nc4 Bxc4 40.Bxc4 Nf4 41.Rc8 Qg5 42.Bxf4 exf4 43.Bd5 Ne5
44.Qa8 Ng6 45.Ne1 Qf6 46.Nf3 Ra6 47.Qb8 Ra1+ 48.Kh2 Rd1 49.Qa7 Rd3 50.Rc6 Qe7
51.Rc7 Qd6 52.Rd7 Rxd5 53.exd5 Qf6 54.Qd4 Qxd4 55.Nxd4 Bc5 56.Nc6 Bxf2 57.Rd8+ Kh7
58.d6 Nh4 59.d7 Nf5 60.Rh8+ Kxh8 61.d8=Q+ Kh7 62.Ne7  1-0

[Event "VII Anibal Open"]
[Site "Linares ESP"]
[Date "2000.01.09"]
[Round "3"]
[White "Shabalov,A"]
[Black "Fernandez Romero,Ern"]
[Result "1-0"]
[WhiteElo "2566"]
[BlackElo "2214"]

1.e4 c6 2.d4 d5 3.e5 g6 4.h3 h5 5.Nf3 Bf5 6.Be2 e6 7.O-O Be7 8.Nh2 h4 9.Re1 c5
10.c3 Nc6 11.Be3 Bxb1 12.Rxb1 Nh6 13.dxc5 Nf5 14.Bd4 a5 15.Nf3 Qb8 16.Bd3 Qa7
17.Bxf5 gxf5 18.b4 axb4 19.cxb4 Qa4 20.Qd3 Nxb4 21.Qc3 Nc2 22.Rec1 Nxd4 23.Nxd4 Qd7
24.Nxf5 Rg8 25.Nd6+ Bxd6 26.cxd6  1-0

[Event "VII Anibal Open"]
[Site "Linares ESP"]
[Date "2000.01.10"]
[Round "4"]
[White "Vokarev,S"]
[Black "Shabalov,A"]
[Result "1-0"]
[WhiteElo "2469"]
[BlackElo "2566"]

1.e4 c5 2.Nf3 Nc6 3.d4 cxd4 4.Nxd4 e5 5.Nb5 d6 6.c4 Be7 7.N1c3 a6 8.Na3 f5
9.exf5 Bxf5 10.Be2 Nf6 11.Nc2 O-O 12.O-O Rc8 13.Ne3 Be6 14.Bf3 Kh8 15.Bd5 Bd7
16.b3 b5 17.Bb2 Nb4 18.Qe2 Qe8 19.Rad1 Qg6 20.Ba3 a5 21.Bxb4 axb4 22.Nxb5 Nh5
23.Qd3 Qg5 24.Be4 Nf4 25.Qd2 Qh5 26.Nxd6 Rcd8 27.c5 Ne2+ 28.Kh1 Rf4 29.g4 Rxg4
30.Qxe2 Rg1+ 31.Rxg1 Qxe2 32.Nf7+ Kg8 33.Nxd8 Bc8 34.Nc6 Bf6 35.Nxe5 g6 36.Bxg6 Kf8
37.Bd3 Qh5 38.f4 Bxe5 39.fxe5 Qf3+ 40.Ng2 Ke7 41.Rgf1 Qg4 42.c6  1-0

[Event "VII Anibal Open"]
[Site "Linares ESP"]
[Date "2000.01.12"]
[Round "6"]
[White "Ippolito,D"]
[Black "Shabalov,A"]
[Result "0-1"]
[WhiteElo "2351"]
[BlackElo "2566"]

1.d4 e6 2.c4 b6 3.e4 Bb7 4.Bd3 f5 5.exf5 Bb4+ 6.Kf1 Nf6 7.Be2 O-O 8.c5 bxc5
9.a3 Ba5 10.dxc5 Ne4 11.b4 Qf6 12.Ra2 Bd5 13.Rb2 Nc6 14.bxa5 Rab8 15.Rxb8 Rxb8
16.Bd3 Qa1 17.Ne2 Bb3 18.Qe1 Nxc5 19.Qd2 Nxd3 20.Qxd3 Ne5 21.Qc3 Qxb1 22.Qxe5 Bc4
23.Qc3 Qa2 24.Qd2 Qxd2 25.Bxd2 Rb1+ 26.Be1 Rb2 27.fxe6 Bxe2+ 28.Kg1 Rb1  0-1

[Event "VII Anibal Open"]
[Site "Linares ESP"]
[Date "2000.01.13"]
[Round "7"]
[White "Shabalov,A"]
[Black "Halkias,S"]
[Result "1-0"]
[WhiteElo "2566"]
[BlackElo "2406"]

1.e4 c5 2.Nf3 Nc6 3.d4 cxd4 4.Nxd4 Nf6 5.Nc3 e5 6.Ndb5 d6 7.Bg5 a6 8.Na3 b5
9.Nd5 Be7 10.Bxf6 Bxf6 11.c3 O-O 12.Nc2 Bb7 13.h4 Ne7 14.Nxf6+ gxf6 15.Bd3 Kh8
16.Ne3 f5 17.exf5 f6 18.Qb3 d5 19.O-O-O Qc7 20.Kb1 Qc5 21.Rhe1 Bc6 22.g4 a5
23.g5 e4 24.Be2 b4 25.gxf6 Rxf6 26.Rc1 Qd6 27.Red1 Rb8 28.Qc2 a4 29.Qd2 Nxf5
30.cxb4 Nxe3 31.fxe3 Qxb4 32.Rc3 Rb6 33.a3 Qe7 34.Qd4 Bb7 35.Rdc1 Qd6 36.Rc7 h6
37.Qxa4 Qe5 38.R1c2 Qe6 39.Rxb7  1-0

[Event "VII Anibal Open"]
[Site "Linares ESP"]
[Date "2000.01.14"]
[Round "8"]
[White "Zvjaginsev,V"]
[Black "Shabalov,A"]
[Result "1/2-1/2"]
[WhiteElo "2652"]
[BlackElo "2566"]

1.d4 e6 2.Nf3 d5 3.c4 Nf6 4.Nc3 Be7 5.Bg5 h6 6.Bxf6 Bxf6 7.e3 O-O 8.Qb3 c6
9.Rd1 Nd7 10.Bd3 Rb8 11.O-O b5 12.cxd5 cxd5 13.Ne2 Re8 14.Bb1 b4 15.Nf4 Ba6
16.Bd3 Qa5 17.Rc1 Rb7 18.Rc2  1/2-1/2

[Event "Millennium Festival"]
[Site "Portsmouth USA"]
[Date "2000.03.04"]
[Round "3"]
[White "Shabalov,A"]
[Black "Sevillano,E"]
[Result "0-1"]
[WhiteElo "2592"]
[BlackElo "2477"]

1.e4 c5 2.Nf3 Nc6 3.Bb5 g6 4.Bxc6 bxc6 5.O-O Bg7 6.d3 d6 7.h3 e5 8.Be3 Ne7
9.Nbd2 O-O 10.a3 f5 11.Nc4 Qc7 12.Re1 h6 13.Bd2 Be6 14.Ba5 Qd7 15.Qe2 Rf7
16.Rad1 Raf8 17.b4 Bxc4 18.dxc4 fxe4 19.Qxe4 Rxf3 20.gxf3 Rf4 21.Qd3 Qxh3
22.Re4 Rf5 23.f4 Qg4+  0-1

[Event "Frisco Masters"]
[Site "San Francisco USA"]
[Date "2000.03.06"]
[Round "1"]
[White "Stearns,A"]
[Black "Shabalov,A"]
[Result "0-1"]
[WhiteElo "2255"]
[BlackElo "2592"]

1.e4 c5 2.Nf3 Nc6 3.d4 cxd4 4.Nxd4 e5 5.Nb5 d6 6.c4 Be7 7.N1c3 a6 8.Na3 f5
9.Bd3 f4 10.Nc2 Nf6 11.Nd5 O-O 12.b4 Kh8 13.a4 Qe8 14.f3 Bd8 15.Ba3 Ne7 16.O-O Nexd5
17.exd5 b5 18.c5 Nxd5 19.Be4 Nc3 20.Qxd6 Nxe4 21.fxe4 Bb7 22.axb5 axb5 23.Bb2 Rxa1
24.Nxa1 Bf6 25.Re1 f3 26.gxf3 Qg6+ 27.Kf1 Rd8 28.Qc7 Bc8 29.Nb3 Bh3+  0-1

[Event "Frisco Masters"]
[Site "San Francisco USA"]
[Date "2000.04.02"]
[Round "4"]
[White "Ziatdinov,R"]
[Black "Shabalov,A"]
[Result "0-1"]
[WhiteElo "2473"]
[BlackElo "2592"]

1.e4 c5 2.Nf3 Nc6 3.d4 cxd4 4.Nxd4 e5 5.Nb5 d6 6.Bc4 Be7 7.O-O Nf6 8.N1c3 a6
9.Na3 b5 10.Bd5 Bb7 11.b4 O-O 12.Rb1 Qd7 13.Be3 Rfc8 14.Qd2 a5 15.bxa5 b4
16.Na4 bxa3 17.Nb6 Qe8 18.Nxa8 Bxa8 19.a6 Bd8 20.Qd3 Nxd5 21.exd5 Ne7 22.c4 Qa4
23.a7 f5 24.f3 Bc7 25.Qb3 Qe8 26.Qb5 Kf7 27.Qa6 f4 28.Bf2 Nf5 29.Rb4 Nd4
30.Rfb1 Ne2+ 31.Kh1 Nc3 32.R1b3 Nxa2 33.Rb8 Bxb8 34.Qxc8 Qxc8 35.axb8=Q Qxc4
36.Rxa3 Qc1+ 37.Bg1 Qxa3 38.Qc7+ Kg6 39.h4 Bxd5 40.h5+ Kh6 41.Qe7 Nc3 42.Bf2 Ne2
43.Kh2 Ng3 44.Kh3 Nf5 45.Qf8 Bxf3  0-1

[Event "Frisco Masters"]
[Site "San Francisco USA"]
[Date "2000.04.03"]
[Round "6"]
[White "Barcenilla,R"]
[Black "Shabalov,A"]
[Result "1/2-1/2"]
[WhiteElo "2495"]
[BlackElo "2592"]

1.c4 e5 2.Nc3 Bb4 3.Nd5 Bc5 4.b4 Bf8 5.Qa4 Ne7 6.Bb2 Nxd5 7.cxd5 Bd6 8.g3 O-O
9.Bg2 c6 10.Nf3 Re8 11.dxc6 bxc6 12.O-O a5 13.b5 Bb7 14.Rab1 cxb5 15.Qxb5 Bc6  1/2-1/2

[Event "New York Open"]
[Site "New York USA"]
[Date "2000.05.06"]
[Round "3"]
[White "Thorhallsson,T"]
[Black "Shabalov,A"]
[Result "1-0"]
[WhiteElo "2489"]
[BlackElo "2592"]

1.e4 c5 2.Nf3 Nc6 3.d4 cxd4 4.Nxd4 e5 5.Nb5 d6 6.c4 Be7 7.Be2 f5 8.exf5 Bxf5
9.Be3 Nf6 10.N1c3 a6 11.Na3 O-O 12.O-O Qd7 13.Nc2 Rae8 14.Nd5 Bd8 15.Nxf6+ gxf6
16.Bh6 Rf7 17.Ne3 Bg6 18.c5 dxc5 19.Bc4 Nd4 20.f4 exf4 21.Bxf7+ Kxf7 22.Bxf4 Bc7
23.Bxc7 Rxe3 24.Bg3 Qd5 25.Rf2 Qe6 26.Kh1 h5 27.Qd2 Kg7 28.Raf1 Rd3 29.Qf4 Nf5
30.Rf3 Rd7 31.b3 h4 32.Bf2 b6 33.Re1 Qc6 34.Qg4 Rd5 35.Rxf5 Rxf5 36.Re7+  1-0

[Event "New York Open"]
[Site "New York USA"]
[Date "2000.05.07"]
[Round "5"]
[White "Koskinen,Hen"]
[Black "Shabalov,A"]
[Result "1/2-1/2"]
[WhiteElo "2298"]
[BlackElo "2592"]

1.Nf3 c5 2.c4 Nc6 3.g3 g6 4.Bg2 Bg7 5.O-O e6 6.d3 Nge7 7.Nbd2 O-O 8.a3 b6
9.Rb1 a5 10.b3 d5 11.e3 Ra7 12.Bb2 Bxb2 13.Rxb2 Rd7 14.Qe2 Bb7 15.Rfb1 e5
16.Ne1 f5 17.Nc2 dxc4 18.bxc4 e4 19.d4 cxd4 20.Nxd4 Nxd4 21.exd4 Rxd4 22.Nb3 Rd6
23.c5 bxc5 24.Nxc5 Bd5 25.Nb7 Bxb7 26.Rxb7 Nc6 27.Qc4+ Kh8 28.Qc5 Rdf6 29.h3 Qc8
30.R1b6 g5 31.Qc3 h6 32.Bf1 f4 33.g4 e3 34.Qc2 Ne7 35.Qb2 exf2+ 36.Qxf2 Nd5
37.Rxf6 Nxf6 38.Qb6 f3 39.Rc7 Qd8 40.Qc5 f2+ 41.Kh2 a4 42.Rb7 Re8 43.Qxf2 Qd6+
44.Kh1 Qd5+ 45.Bg2 Qd1+ 46.Kh2 Qd6+ 47.Kh1 Qd1+ 48.Kh2  1/2-1/2

[Event "New York Open"]
[Site "New York USA"]
[Date "2000.05.08"]
[Round "6"]
[White "Shabalov,A"]
[Black "Gamboa,N"]
[Result "1-0"]
[WhiteElo "2592"]
[BlackElo "2340"]

1.e4 c5 2.Nf3 Nc6 3.d4 cxd4 4.Nxd4 Nf6 5.Nc3 e5 6.Ndb5 d6 7.Bg5 a6 8.Na3 b5
9.Nd5 Be7 10.Bxf6 Bxf6 11.c3 Ne7 12.Nxf6+ gxf6 13.Nc2 Bb7 14.Bd3 d5 15.exd5 Qxd5
16.Ne3 Qe6 17.a4 Rd8 18.Qc2 b4 19.Bc4 Qb6 20.a5 Qc6 21.Qb3 O-O 22.Qxb4 Ng6
23.O-O Nf4 24.f3 Rd2 25.Rfd1 Qd7 26.Qb6 Rxd1+ 27.Rxd1 Qc6 28.Qxc6 Bxc6 29.Nf5  1-0

[Event "New York Open"]
[Site "New York USA"]
[Date "2000.05.11"]
[Round "9"]
[White "Ivanov,AV"]
[Black "Shabalov,A"]
[Result "1-0"]
[WhiteElo "2541"]
[BlackElo "2592"]

1.e4 c5 2.Nf3 Nc6 3.d4 cxd4 4.Nxd4 e5 5.Nb5 d6 6.a4 Be7 7.N1c3 a6 8.Na3 Be6
9.Nc4 Rc8 10.Nd5 Bxd5 11.exd5 Nb8 12.a5 Nd7 13.Be2 Ngf6 14.Be3 O-O 15.O-O h6
16.Kh1 Ne4 17.f3 Ng5 18.Nb6 Nxb6 19.Bxb6 Qd7 20.c4 Bd8 21.Bg1 f5 22.b4 h5
23.c5 h4 24.c6 Qf7 25.b5 h3 26.g3 f4 27.b6 Bf6 28.Rc1 e4 29.gxf4 Qg6 30.Be3 exf3
31.Bd3 Qh5 32.fxg5 Bxg5 33.Bxg5 Qxg5 34.Rf2 Kh8 35.Qd2 Qxd5 36.c7 Rce8 37.Bf1 Qf5
38.Qxd6 Qg5 39.Qd2 Qg4 40.Rc4 Qh5 41.Rf4  1-0

[Event "World Open"]
[Site "Philadelphia USA"]
[Date "2000.07.28"]
[Round "1"]
[White "Furdzik,R"]
[Black "Shabalov,A"]
[Result "0-1"]
[WhiteElo "2188"]
[BlackElo "2592"]

1.e4 e6 2.Qe2 c5 3.Nf3 Nc6 4.g3 g6 5.Bg2 Bg7 6.O-O Nge7 7.d3 O-O 8.Nbd2 d6
9.a4 e5 10.c3 h6 11.Nc4 Be6 12.Nfd2 Qd7 13.f4 exf4 14.gxf4 f5 15.Nf3 Rae8
16.Bd2 Kh7 17.Rae1 Ng8 18.e5 Bxc4 19.dxc4 dxe5 20.Nxe5 Nxe5 21.fxe5 Rxe5
22.Qf2 Rxe1 23.Rxe1 Nf6 24.Bf4 b6 25.a5 g5 26.Be5 Ng4 27.Bxg7 Nxf2 28.Bxf8 Ne4
29.axb6 axb6 30.Rxe4 fxe4 31.Bxe4+ Kh8 32.Bd5 Qd8  0-1

[Event "World Open"]
[Site "Philadelphia USA"]
[Date "2000.07.30"]
[Round "3"]
[White "Bauer,Ri"]
[Black "Shabalov,A"]
[Result "0-1"]
[WhiteElo "2284"]
[BlackElo "2592"]

1.Nf3 f5 2.g3 Nf6 3.Bg2 g6 4.O-O Bg7 5.d4 O-O 6.b3 d6 7.Bb2 Qe8 8.Nbd2 Nc6
9.Nc4 e6 10.a4 Bd7 11.e3 h6 12.h4 Qf7 13.Qe2 a6 14.a5 Rae8 15.Rfd1 Kh7 16.Rab1 Ng4
17.Ba3 Rg8 18.Bxd6 cxd6 19.Nxd6 Qe7 20.Nxe8 Rxe8 21.Qd2 Rd8 22.c4 Nb4 23.Ne5 Nxe5
24.dxe5 Bxe5 25.Bxb7 Bc7 26.Qb2 Rb8 27.Bg2 Be8 28.Ra1 e5 29.e4 f4 30.Bh3 Nc6
31.Qa3 Qg7 32.Rd3 Nd4 33.Rad1 Rd8 34.b4 Bc6 35.Re1 Nc2 36.Qc3 Rxd3 37.Qxc2 Rd4
38.Rd1 Qe7 39.b5 Bxe4 40.Rxd4 exd4 41.Qd2 fxg3 42.Qxd4 gxf2+ 43.Qxf2 Bd6  0-1

[Event "101st US Open"]
[Site "Saint Paul USA"]
[Date "2000.08.08"]
[Round "4"]
[White "Felber,J"]
[Black "Shabalov,A"]
[Result "0-1"]
[WhiteElo "2126"]
[BlackElo "2601"]

1.e4 c5 2.Nf3 Nc6 3.d4 cxd4 4.Nxd4 e5 5.Nf3 Nf6 6.Bg5 Qa5+ 7.Bd2 Qb6 8.Nc3 Bc5
9.Qe2 Ng4 10.O-O-O Nxf2 11.Na4 Qc7 12.Nxc5 Nxh1 13.g3 d6 14.Nb3 a5 15.a4 O-O
16.Bg2 Be6 17.Kb1 Nb4 18.Bc3 Qc6 19.Bxh1 Qxa4 20.Nc1 Rfc8 21.Qe1  0-1

[Event "101st US Open"]
[Site "Saint Paul USA"]
[Date "2000.08.10"]
[Round "6"]
[White "Shabalov,A"]
[Black "Yermolinsky,A"]
[Result "0-1"]
[WhiteElo "2601"]
[BlackElo "2596"]

1.e4 c5 2.Nf3 Nc6 3.d4 cxd4 4.Nxd4 Qb6 5.Nb5 a6 6.Be3 Qd8 7.Nd4 Nf6 8.Nc3 e5
9.Nf5 d5 10.exd5 Nb4 11.Ng3 Nfxd5 12.Nxd5 Qxd5 13.Qxd5 Nxd5 14.Bd2 Nb4 15.Kd1 Be6
16.a3 Nc6 17.Bd3 g6 18.Re1 f5 19.Bc3 O-O-O 20.f3 Bh6 21.Ke2 Rhf8 22.Kf2 e4
23.Bf1 Nd4 24.Bxd4 Rxd4 25.fxe4 Bd2 26.Red1 fxe4+ 27.Kg1 Bg4 28.Rdb1 Be3+
29.Kh1 Bf2 30.c3 Rdd8 31.Nxe4 Bf5 32.Bd3 Rxd3 33.Nxf2 Rd2 34.Rf1 Rxb2 35.Kg1 Rd8
36.g4 Bd7 37.Rab1 Rxb1 38.Rxb1 Bc6 39.Rd1 Re8 40.h4 Re2 41.Rd4 Ra2 42.Rf4 Rxa3
43.Rf7 h5 44.g5 Rxc3 45.Rf6 a5 46.Rxg6 a4 47.Rd6 a3 48.Rd2 Rg3+ 49.Kh2 Rg2+
50.Kh3 b5  0-1

[Event "ch-USA"]
[Site "Seattle USA"]
[Date "2000.09.29"]
[Round "5"]
[White "Christiansen,L"]
[Black "Shabalov,A"]
[Result "1-0"]
[WhiteElo "2563"]
[BlackElo "2601"]

1.e4 c5 2.Nf3 Nc6 3.c3 e6 4.d4 d5 5.exd5 exd5 6.Bb5 Bd6 7.dxc5 Bxc5 8.O-O Ne7
9.Nbd2 O-O 10.Nb3 Bb6 11.Re1 Bg4 12.Bd3 Ng6 13.Be3 Bc7 14.Nbd2 Qd6 15.Qa4 h5
16.h3 Bd7 17.Qc2 Rae8 18.Bf5 h4 19.Rad1 Re7 20.Nc4 Qf6 21.Rxd5 Nce5 22.Rxe5 Nxe5
23.Bh7+ Kh8 24.Ncxe5 Bxe5 25.Bg5 Bh2+ 26.Kxh2 Qd6+ 27.Ne5 Rxe5 28.Bf4 Rfe8
29.Rxe5 Rxe5 30.Be4 g5 31.Qd3 Qe7 32.Bxe5+ Qxe5+ 33.Kg1 Bb5 34.Qd5 Qf4 35.Qd4+ Kg8
36.Bxb7 Qxd4 37.cxd4 f5 38.f4 g4 39.g3  1-0

[Event "34th Olympiad"]
[Site "Istanbul TUR"]
[Date "2000.10.30"]
[Round "3"]
[White "Meijers,V"]
[Black "Shabalov,A"]
[Result "1/2-1/2"]
[WhiteElo "2478"]
[BlackElo "2601"]

1.e4 c5 2.Nf3 Nc6 3.d4 cxd4 4.Nxd4 e5 5.Nb5 d6 6.c4 Be7 7.N1c3 a6 8.Na3 f5
9.exf5 Bxf5 10.Be2 Nf6 11.Nc2 O-O 12.O-O Qd7 13.Ne3 Be6 14.Bf3 Nd4 15.Bd5 Nxd5
16.Ncxd5 Bd8 17.b3 b5 18.Bb2 Nf5 19.Nxf5 Rxf5 20.Ba3 bxc4 21.bxc4 e4 22.Ne3 Ra5
23.Bxd6 Bf6 24.Qd2 Ra3 25.Rad1 Rd3 26.Qb4 a5 27.Qb6 Bd4 28.Bc5 Bxe3 29.Rxd3 Bxf2+
30.Rxf2 exd3 31.Qxa5 Qc6 32.Qb6 Qe4 33.Qd6 h6 34.h3 Bxc4 35.a3 Bd5 36.Qe7 Qg6
37.Qe5 Rd8 38.Bb4 Bc6 39.Bd2 Rd5 40.Qb8+ Kh7 41.Qf8 Re5 42.Qf7 Qe4 43.Qf4 Qd5
44.Qf7 Qd4 45.Kh2 Bd5 46.Qf4 Be4 47.Qg3 Re6 48.Rf4 Qb2 49.Qe3 Bf5 50.Qc5 Bg6
51.Rf2 Qb8+ 52.Kg1 Be4 53.Qc4 Qe8 54.Rf4 Bg6 55.Rf2 Rc6 56.Qd4 Qc8 57.Bb4 Qc7
58.Bd2 Re6 59.Bb4 Re4 60.Qd6 Qc1+ 61.Kh2 Rc4 62.Rf8 Rc8  1/2-1/2

[Event "34th Olympiad"]
[Site "Istanbul TUR"]
[Date "2000.11.04"]
[Round "7"]
[White "Ilincic,Z"]
[Black "Shabalov,A"]
[Result "1/2-1/2"]
[WhiteElo "2563"]
[BlackElo "2601"]

1.d4 d5 2.c4 e6 3.Nf3 Nf6 4.g3 dxc4 5.Bg2 a6 6.O-O Nc6 7.Nc3 Rb8 8.e4 Be7
9.d5 exd5 10.exd5 Nb4 11.Ne5 Bf5 12.a3 Nd3 13.Nxc4 Nxc1 14.Rxc1 O-O 15.Qd4 Ne8
16.Rfe1 Nd6 17.Ne5 Re8 18.h3 Bf8 19.Kh2 Qf6 20.f4 h5 21.h4 Rbd8 22.Ne2 Bh7
23.Qa4 Nf5 24.Rxc7 Nxg3 25.Nxg3 Qxh4+ 26.Bh3 Bf5 27.Nxf5 Qxe1 28.Qd4 f6 29.Nf3 Re2+
30.Bg2 Qb1 31.N3h4 Rde8 32.Ng3 Qxb2 33.Nxe2 Qxe2 34.d6 Qg4 35.Nf3 h4 36.Ng1 Re1
37.Qc4+ Kh7 38.Qd3+ Kh6 39.Qf3 Qg3+ 40.Qxg3 hxg3+ 41.Kxg3 Bxd6 42.Nf3 Re4
43.Rxb7 Rxf4 44.Rd7 Rd4+ 45.Kh3 Rd3 46.Bh1 a5 47.Kg2 Rd1 48.Ne1 Rxe1 49.Rxd6 Re3
50.Kf2 Rxa3 51.Be4 Rb3 52.Ra6 Rb5 53.Ke3 Kg5 54.Bc6 Rb3+ 55.Kd2 Ra3 56.Kc2 f5
57.Kb2 Rd3 58.Rxa5 Kf4 59.Kc2 Rd8 60.Bd5 Ke3 61.Bc4 f4 62.Ra7 g5 63.Re7+ Kf3
64.Be2+ Kg3 65.Rg7  1/2-1/2

[Event "National Chess Congress"]
[Site "Philadelphia USA"]
[Date "2000.11.26"]
[Round "2"]
[White "Sales,J"]
[Black "Shabalov,A"]
[Result "0-1"]
[WhiteElo "2326"]
[BlackElo "2601"]

1.d4 Nf6 2.c4 e6 3.Nf3 b6 4.Nc3 Bb7 5.a3 d5 6.cxd5 exd5 7.Bg5 Be7 8.Bxf6 Bxf6
9.e3 O-O 10.Bd3 c5 11.h4 cxd4 12.exd4 Nc6 13.Ne2 Re8 14.Kf1 Qd6 15.Qc2 h6
16.Rd1 Rac8 17.Qb1 Rc7 18.Bb5 a6 19.Bd3 Rce7 20.b4 Bc8 21.b5 Na5 22.Ng3 Qxa3
23.bxa6 Nc4 24.Qa1 Qxa6 25.Nh5 Nd2+ 26.Kg1 Qxd3 27.Nxf6+ gxf6 28.Rxd2 Qe4
29.Qc3 Bg4 30.Rd1 h5 31.Re1 Qf5 32.Rd1 Re2 33.Qb3 Kg7  0-1

[Event "National Chess Congress"]
[Site "Philadelphia USA"]
[Date "2000.11.27"]
[Round "3"]
[White "Shabalov,A"]
[Black "Rubenchik,R"]
[Result "1-0"]
[WhiteElo "2601"]
[BlackElo "2333"]

1.d4 d5 2.c4 c6 3.Nf3 Nf6 4.e3 e6 5.Bd3 dxc4 6.Bxc4 c5 7.O-O a6 8.Bb3 Nbd7
9.Re1 cxd4 10.exd4 Be7 11.Nc3 O-O 12.Bf4 b5 13.d5 exd5 14.Nxd5 Nxd5 15.Qxd5 Ra7
16.Rad1 Bc5 17.Ne5 Qb6 18.Nd3 Bd4 19.Re4 Bxf2+ 20.Nxf2 Bb7 21.Be3  1-0

[Event "Mermaid Beach Club GMA"]
[Site "Elbow Beach BER"]
[Date "2001.01.21"]
[Round "2"]
[White "Shabalov,A"]
[Black "Gershon,A"]
[Result "1-0"]
[WhiteElo "2609"]
[BlackElo "2540"]

1.e4 d5 2.exd5 Nf6 3.d4 Bg4 4.Nf3 Qxd5 5.Be2 Nc6 6.h3 Bxf3 7.Bxf3 Qd7 8.c3 e5
9.O-O O-O-O 10.Bg5 exd4 11.Bg4 Nxg4 12.Bxd8 Nxf2 13.Rxf2 Kxd8 14.cxd4 Bc5
15.Kh1 Kc8 16.Nc3 Bxd4 17.Rd2 Re8 18.Ne2 Re4 19.Rc1 Qd6 20.Rxc6 Qxc6 21.Nxd4 Qe8
22.Nf3 g5 23.Rd5 g4 24.hxg4 Rxg4 25.Re5 Qc6 26.Qd2 Rc4 27.Qg5 b6 28.Qg8+ Kb7
29.Qxf7 Rc1+ 30.Kh2 Rc2 31.b4 a6 32.Kh3 Qh6+ 33.Rh5 Qc1 34.Kh2 Qd1 35.Qf4 Qe2
36.Qg3 Qd3 37.a4 Rc1 38.a5 Qb1 39.Kh3 Qxb4 40.axb6 Qxb6 41.Qe5 Rh1+ 42.Nh2 Qg6
43.Rh4 Qd3+ 44.g3 Qf1+ 45.Kg4 Qd1+ 46.Nf3 Qd7+ 47.Kg5 Qd8+ 48.Qf6 Qg8+ 49.Kh5 Rb1
50.Ng5 Rb5 51.Re4 Qb3 52.Kh4 Qc2 53.Qf3 Qh2+ 54.Nh3 Ka7 55.Qc3 Qb2 56.Qxc7+ Rb7
57.Qc5+ Qb6 58.Qxb6+ Kxb6 59.Nf4 a5 60.g4 Rd7 61.Kh5 Kb5 62.Re5+ Kb4 63.Nd5+ Kb3
64.Nb6 Rd6 65.Rb5+ Kc3 66.g5 Kd4 67.Na4 Ra6 68.Rb7  1-0

[Event "Elbow Beach Club GMA"]
[Site "Paget Parish BER"]
[Date "2001.01.22"]
[Round "3"]
[White "Macieja,B"]
[Black "Shabalov,A"]
[Result "1-0"]
[WhiteElo "2578"]
[BlackElo "2609"]

1.e4 e6 2.d4 d5 3.Nc3 Bb4 4.e5 Ne7 5.a3 Bxc3+ 6.bxc3 c5 7.Qg4 O-O 8.Bd3 f5
9.exf6 Rxf6 10.Bg5 Nd7 11.Qh4 h6 12.Bxf6 Nxf6 13.dxc5 e5 14.f3 b6 15.c6 Qd6
16.Ne2 Qxc6 17.O-O Nf5 18.Bxf5 Bxf5 19.Rfc1 Rc8 20.h3 Bg6 21.Qg3 Kh7 22.Qxe5 Re8
23.Nd4 Qxc3 24.Qf4 Nh5 25.Qh4 Re5 26.Rd1 Qc5 27.Rd2 Rg5 28.a4 Qd6 29.Qe1 Qf6
30.Rad1 Nf4 31.Kh1 Bh5 32.h4 Rg6 33.Kh2 Qd6 34.g3 Ne6 35.Nxe6 Rxe6 36.Qf2 Qe7
37.g4 Be8 38.Kg3 Bxa4 39.Rxd5 Bc6 40.R5d3 Bb5 41.Rc3 h5 42.g5 Be2 43.Rd2 Bb5
44.Qd4 Re1 45.g6+ Kxg6 46.Qd6+ Kh7 47.Qxe7 Rxe7 48.Kf2 Ba6 49.Rd5 g6 50.Rd6 Bb7
51.Re3 Rc7 52.Rde6 Rxc2+ 53.Re2 Rxe2+ 54.Rxe2 Kh6 55.Re7 Bd5 56.Rd7 Bc4 57.Rxa7 b5
58.Rb7 Bd3 59.Ke3 Bc4 60.f4 Bf1 61.Kd4 Be2 62.Ke5 Bd3 63.Kf6 Bc4 64.Rd7 Bb3
65.Rd2 Bc4 66.Rd8 Kh7 67.Kg5 Kg7 68.Rd7+ Kf8 69.Kxg6 b4 70.Rd4  1-0

[Event "Elbow Beach Club GMA"]
[Site "Paget Parish BER"]
[Date "2001.01.23"]
[Round "4"]
[White "Shabalov,A"]
[Black "Stefansson,H"]
[Result "0-1"]
[WhiteElo "2609"]
[BlackElo "2570"]

1.e4 e5 2.Nf3 Nc6 3.Bb5 a6 4.Ba4 Nf6 5.O-O b5 6.Bb3 Bc5 7.a4 Bb7 8.c3 d6
9.d4 Bb6 10.Bg5 O-O 11.Na3 exd4 12.cxd4 h6 13.Bxf6 Qxf6 14.Bd5 Ra7 15.axb5 axb5
16.Rc1 Nxd4 17.Nxd4 Bxd4 18.Nxb5 Bxd5 19.Nxa7 Bxe4 20.Rxc7 Bb6 21.Rc4 d5
22.Ra4 Ra8 23.Kh1 Rxa7 24.Rxa7 Bxa7 25.f3 Bg6 26.Qxd5 Qxb2 27.Rd1 Be3 28.Qc4 Kh7
29.Re1 Bb6 30.Qe2 Qc3 31.Rd1 Bc7 32.Qf2 Qe5 33.Qg1 Bf5 34.Rd2 h5 35.Rd1 Kg8
36.Rc1 Qf4 37.Rd1 Be5 38.Re1 h4 39.Rd1 Bg6 40.Re1 Kh7 41.Rd1 h3 42.Rd5 Bh5
43.Rd3 f5 44.Rb3 Qd2  0-1

[Event "Elbow Beach Club GMA"]
[Site "Paget Parish BER"]
[Date "2001.01.24"]
[Round "5"]
[White "Vescovi,G"]
[Black "Shabalov,A"]
[Result "0-1"]
[WhiteElo "2519"]
[BlackElo "2609"]

1.e4 c5 2.Nf3 Nc6 3.d4 cxd4 4.Nxd4 Nf6 5.Nc3 e5 6.Ndb5 d6 7.a4 a6 8.Na3 Bg4
9.f3 Be6 10.Bg5 Be7 11.Bc4 O-O 12.Bxf6 Bxf6 13.Nd5 Bh4+ 14.g3 Bg5 15.O-O Kh8
16.Kg2 f5 17.exf5 Bxf5 18.Bd3 Be6 19.Be4 Rc8 20.c3 Na5 21.Qc2 Qe8 22.Rad1 Bd8
23.b4 Nc6 24.Qd3 Ne7 25.Nc4 Nf5 26.Nce3 g6 27.a5 Bg5 28.Rfe1 Qf7 29.Nc4 Rcd8
30.Rh1 h5 31.h4 Bh6 32.Ncb6 Rg8 33.Kf2 g5 34.hxg5 Rxg5 35.Rdg1 Qg7 36.f4 Rf8
37.fxg5 Qxg5 38.Kg2 Nxg3 39.Qe3 Nxe4+  0-1

[Event "Elbow Beach Club GMA"]
[Site "Paget Parish BER"]
[Date "2001.01.28"]
[Round "9"]
[White "Stefansson,H"]
[Black "Shabalov,A"]
[Result "1/2-1/2"]
[WhiteElo "2570"]
[BlackElo "2609"]

1.e4 c5 2.Nf3 Nc6 3.d4 cxd4 4.Nxd4 Nf6 5.Nc3 e5 6.Ndb5 d6 7.Bg5 a6 8.Na3 b5
9.Nd5 Be7 10.Bxf6 Bxf6 11.c3 Ne7 12.Nxf6+ gxf6 13.Bd3 d5 14.Nc2 Bb7 15.exd5 Qxd5
16.Ne3 Qe6 17.Qh5 O-O-O 18.Bc2 f5 19.Nxf5 Ng6 20.Ne3 Kb8 21.Qf5 Qe7 22.Rd1 Nh4
23.Rxd8+ Rxd8 24.Qg4 f5 25.Bxf5 h5 26.Qg3 Qf6 27.Bc2 Rd7 28.f3 Rg7 29.Qf2 Qf4
30.Bd1 Qxe3+ 31.Qxe3 Nxg2+ 32.Kf2 Nxe3 33.Kxe3 Rg2 34.Be2  1/2-1/2

[Event "Millennium II Open"]
[Site "Virginia Beach USA"]
[Date "2001.03.03"]
[Round "2"]
[White "Shabalov,A"]
[Black "Smith,BG"]
[Result "1-0"]
[WhiteElo "2609"]
[BlackElo "2307"]

1.e4 e6 2.d4 d5 3.e5 c5 4.c3 Ne7 5.Nf3 Nec6 6.Bd3 Nd7 7.O-O Be7 8.a3 a5 9.Re1 a4
10.Bc2 Nb6 11.dxc5 Bxc5 12.Bg5 Be7 13.Bxe7 Qxe7 14.Nbd2 O-O 15.Qe2 f5 16.exf6 Rxf6
17.Qe3 Nd7 18.c4 Qc5 19.Ng5 Qxe3 20.Bxh7+ Kf8 21.Rxe3 Nc5 22.cxd5 exd5 23.Rae1 Bd7
24.Bb1 d4 25.Nh7+ Kf7 26.Rg3  1-0

[Event "Millennium II Open"]
[Site "Virginia Beach USA"]
[Date "2001.03.03"]
[Round "3"]
[White "Perelshteyn,E"]
[Black "Shabalov,A"]
[Result "1/2-1/2"]
[WhiteElo "2436"]
[BlackElo "2609"]

1.e4 c5 2.Nf3 Nc6 3.Bb5 e6 4.Bxc6 bxc6 5.O-O Ne7 6.b3 Ng6 7.c3 Be7 8.Ba3 O-O
9.d4 Ba6 10.Re1 cxd4 11.cxd4 Bxa3 12.Nxa3 d5 13.Qd2 Rc8 14.Rac1 Qb6 15.Rc5 dxe4
16.Rxe4 Rfd8 17.Qc3 Rd5 18.h4 h6 19.Nc2 Ne7 20.Ne3 Rdd8 21.Ne5 Qb8 22.g4 Nd5
23.Qa5 Qb6 24.N3c4 Qb7 25.Nxc6 Nb6 26.Nxd8 Qxe4 27.Rxc8 Qxg4+ 28.Kf1 Bxc8
29.Nxb6 axb6 30.Qa8 e5 31.Nc6 Qd1+  1/2-1/2